[Event "Budha Bhandari Memorial"]
[Site "Budhanilkantha"]
[Date "2019.11.09"]
[Round "1"]
[White "Muhammad, Shahzad"]
[Black "Shergaliev, Nurlan"]
[Result "1-0"]
[WhiteElo "1922"]
[BlackElo "1497"]
[PlyCount "59"]
[EventDate "2019.11.09"]
[EventType "swiss"]
[EventRounds "9"]
[EventCountry "NEP"]
[SourceTitle "CBM 193 Extra"]
[Source "ChessBase"]
[SourceDate "2020.01.31"]
[SourceVersion "1"]
[SourceVersionDate "2020.01.31"]
[SourceQuality "1"]

1. d4 d5 2. Nf3 e6 3. c4 c6 4. g3 f5 5. Bg2 Nf6 6. Nc3 Bd6 7. 0-0 0-0 8. b3 Nbd7 9. Bb2 Ne4 10. Nd2 Ndf6 11. Qc2 Bd7 12. Rad1 Nxd2 13. Qxd2 Ne4 14. Nxe4 fxe4 15. f3 exf3 16. Bxf3 Qe7 17. e4 dxc4 18. bxc4 Be8 19. Qc3 Bg6 20. e5 Bc7 21. Ba3 Qg5 22. Bxf8 Rxf8 23. c5 h6 24. Qb3 Kh7 25. Kg2 b6 26. h4 Qe7 27. h5 Be8 28. Be4+ Kh8 29. Qxe6 Rf7 30. Qxe7 1-0

[Event "World Amateur-ch U1700"]
[Site "Cagliari"]
[Date "2018.04.27"]
[Round "7"]
[White "Svergina, Sofya"]
[Black "Shergaliev, Nurlan"]
[Result "1-0"]
[WhiteElo "1618"]
[BlackElo "1452"]
[PlyCount "54"]
[EventDate "2018.04.22"]
[EventType "swiss"]
[EventRounds "9"]
[EventCountry "ITA"]
[SourceTitle "CBM 184 Extra"]
[Source "ChessBase"]
[SourceDate "2018.06.28"]
[SourceVersion "1"]
[SourceVersionDate "2018.06.28"]
[SourceQuality "1"]

1. e4 d5 2. exd5 Nf6 3. Nf3 Nxd5 4. d4 g6 5. c4 Nb6 6. Nc3 Bg7 7. Be3 0-0 8. h3 Nc6 9. Be2 a6 10. 0-0 e5 11. dxe5 Nxe5 12. Nxe5 Bxe5 13. Qxd8 Rxd8 14. Rfd1 Be6 15. Bxb6 cxb6 16. Na4 Bd4 17. Rac1 Rac8 18. b3 Bf5 19. Bf3 Rc7 20. Nxb6 Bf6 21. Rxd8+ Bxd8 22. Nd5 Rd7 23. Re1 Kg7 24. Bg4 Bxg4 25. hxg4 b5 26. Rb1 Kh6 27. f3 Kg5 1-0